Plus longs cours d'eau des Hautes-Pyrénées sur une carte - Statistiques

Statistiques générales
  • Ce quiz a été pris 39 fois
  • Le résultat moyen est 6 sur 19
Réponses sur la Carte
Les réponses sont colorées sur une échelle allant du rouge au vert en fonction du pourcentage des utilisateurs qui les ont devinées à leur premier essai. Vous pouvez retrouver ces pourcentages ci-dessous.
 
Statistiques - réponses
Longueur (en km) Cours d'eau % Correct
308,3 Adour
90%
190,7 Gave de Pau
59%
528,7 Garonne
55%
73,1 Neste
48%
187,6 Baïse
41%
175,4 Gers
41%
64,1 Échez
34%
130,2 Arros
31%
131 Arrats
21%
73,8 Canal d'Alaric
21%
52,1 Gesse
21%
135,7 Gimone
21%
74,8 Petite Baïse
17%
148,4 Save
17%
62,5 Bouès
14%
116,7 Gabas
14%
56,2 Léez
14%
120,3 Osse
14%
67 Canal de Monlaur
7%
Aucun quiz correspondant
Distribution des résultats
% des personnes avec chaque résultat
Percentile par nombre de réponses
Votre historique - résultats
Vous n’avez pas pris ce quiz